| 000 | 00466nam a22001337a 4500 | ||
|---|---|---|---|
| 005 | 20241017093809.0 | ||
| 008 | 241017b |||||||| |||| 00| 0 eng d | ||
| 100 |
_aSingian, Editha. _eauthor. _963098 |
||
| 245 |
_aNorway : _bculinary travelogue / _cEditha Singian, |
||
| 260 |
_aPhilippines; _bPhilippine Graphic Publishing Inc., _cAugust 2019. |
||
| 300 |
_aVolume 20, pages 50-53, _billustration. |
||
| 700 |
_aSingian, Editha. _eauthor. _963099 |
||
| 942 |
_2ddc _cPER |
||
| 999 |
_c22641 _d22641 |
||